| 000 | 00598nam a2200205 u 4500 | ||
|---|---|---|---|
| 005 | 20240228064321.0 | ||
| 008 | 171110s2007 r 000 0 eng d | ||
| 020 | _a9789703706532 | ||
| 035 | _aUPN01000221584 | ||
| 049 | _aI | ||
| 050 | 4 |
_aPZ76.3 _bE4.9 |
|
| 100 | 1 |
_aEggleton, Jill, _d1949- _933321 |
|
| 245 | 1 | 3 |
_aEl zorro en la pared / _cJill Eggleton ; il. por Paul Könye. |
| 260 |
_aMéxico : _bPlaneta, _cc2007. |
||
| 300 |
_a15 p. : _bil. col. |
||
| 440 | 0 | _aDestino | |
| 650 | 0 |
_aAnimales _vCuentos y leyendas _9234 |
|
| 650 | 4 |
_aLibros y lectura para niños _92290 |
|
| 905 | _aInfantil | ||
| 999 |
_c193681 _d193681 |
||